| 000 | 00667nam a22002057a 4500 | ||
|---|---|---|---|
| 003 | UA-OsUOA | ||
| 001 | 35673 | ||
| 007 | ta | ||
| 008 | 20051212b un ||||| |||| 00| 0 ukr d | ||
| 090 |
_a947.06 _bК80 |
||
| 942 | _cBK | ||
| 040 |
_aUA-OsUOA _brus _cUA-OsUOA _dUA-OsUOA |
||
| 245 |
_aКрестьянская война в Московском государстве начала 17 веки _cУпоряд. Н. И Ульяновым |
||
| 300 | _a180 с. | ||
| 955 | _a2 | ||
| 041 | _arus | ||
| 080 | _a947.06 | ||
| 260 |
_aЛенинград _bГос. соц.-экон. изд-во _c1933 |
||
| 650 | 7 |
_a9 Географія. Біографії. Історія _2UDC |
|
| 999 |
_c322037 _d322037 |
||